Go for Chile!: 1er. año de enseñanza media, student's book 1

Gespeichert in:
Bibliographische Detailangaben
Hauptverfasser: Elsworth, Steve (VerfasserIn), Rose, Jim (VerfasserIn), Date, Olivia (VerfasserIn)
Format: Buch
Sprache:Englisch
Veröffentlicht: Essex Addison-Wesley 2001
Schlagworte:
Tags: Tag hinzufügen
Keine Tags, Fügen Sie den ersten Tag hinzu!

MARC

LEADER 00000nam a2200000 a 4500
001 UCN8131
003 CL-VaPUC
008 011109e20010000UK |||||||||||||||||eng|d
082 0 4 |a 420.712  |b ELS  |2 21 
100 0 |a Elsworth, Steve  |e author  |9 464339 
700 0 |a Rose, Jim  |e author  |9 464340 
700 0 |a Date, Olivia  |e author  |9 464341 
245 1 0 |a Go for Chile!: 1er. año de enseñanza media, student's book 1 
300 |a 160 p 
942 |c BK 
945 |d 20011109 00:00:00  |a vberengu 
260 |a Essex  |b Addison-Wesley  |c 2001 
650 0 |a Enseñanza del inglés  |9 367340 
650 0 |a Enseñanza de idiomas  |9 339820 
583 |a last modification  |c 20130419 10:22:45  |k Rodrigo Vera 
999 |c 298166  |d 298164 
952 |0 0  |1 0  |4 0  |6 420_712000000000000_ELS_2001  |7 0  |8 P  |9 353541  |a BIBEDU  |b BIBEDU  |c BIBEDU_PB  |d 2019-11-21  |i 3768767  |o 420.712 ELS 2001  |p 3768767  |r 2024-01-25  |w 2019-11-21  |y BK  |k BME